Toutes les stations de radio de GTA V - Statistiques

Statistiques générales
  • Ce quiz a été pris 84 fois
  • Le résultat moyen est 7 sur 26
Statistiques - réponses
Genre Réponse Sortie % Correct
Rap contemporain Radio Los Santos Jeu de base (2013)
75%
Pop/R&B/Eurodance Non-Stop-Pop FM Jeu de base (2013)
66%
Talk radio de Los Santos West Coast Talk Radio (WCTR) Jeu de base (2013)
58%
Rap des années 80-90 West Coast Classics Jeu de base (2013)
55%
Country Rebel Radio Jeu de base (2013)
37%
Rap britannique/Afrobeat IFruit Radio 2019 : DLC Le Braquage du Diamond Casino (The Diamond Casino Heist)
35%
Hardcore/Punk rock/Metal Channel X Jeu de base (2013)
30%
Rock classique/Pop rock Los Santos Rock Radio Jeu de base (2013)
28%
Musique régionale mexicaine East Los FM Jeu de base (2013)
25%
Talk radio de Blaine County Blaine County Talk Radio Jeu de base (2013)
24%
Rap/Dancehall/New wave The Lab 2015 : DLC Le Crime Paie (Ill-Gotten Gains)
24%
Rock alternatif/Rock indie Vinewood Boulevard Radio Jeu de base (2013)
23%
Funk Space 103.2 Jeu de base (2013)
20%
Reggae/Dub/Dancehall The Blue Ark Jeu de base (2013)
20%
Indietronica/Pop indépendante Radio Mirror Park Jeu de base (2013)
18%
House Los Santos Underground Radio (LSUR) 2018 : DLC Nuits blanches et marché noir (After Hours)
17%
Electro/Techno Soulwax FM Jeu de base (2013)
17%
R&B contemporain/Rap/ Blonded Los Santos 97.8 FM 2017 : DLC Le Braquage de la fin du monde (The Doomsday Heist)
14%
House The Music Locker 2020 : DLC Le Braquage de Cayo Perico (The Cayo Perico Heist)
14%
Rap alternatif/Electro expérimentale FlyLo FM Jeu de base (2013)
13%
Post-Punk/Rock indépendant Kult FM 2020 : DLC Le Braquage de Cayo Perico (The Cayo Perico Heist)
13%
Musiques du monde/Chillwave WorldWide FM Jeu de base (2013)
13%
Pop latine/Reggaeton/Dancehall Motomami Los Santos 2021 : DLC Le Contrat (The Contract)
8%
Soul classique The Lowdown 91.1 Jeu de base (2013)
7%
Disco/House/R&B/Funk/Techno Lecteur média 2021 : DLC Tuning à Los Santos (Los Santos Tuners)
4%
Rap britannique/Dancehall Still Slipping Los Santos 2020 : DLC Le Braquage de Cayo Perico (The Cayo Perico Heist)
4%
Aucun quiz correspondant
Distribution des résultats
% des personnes avec chaque résultat
Percentile par nombre de réponses
Votre historique - résultats
Vous n’avez pas pris ce quiz